000 00506cam a22001812 4500
001 0000008765
005 20151217160117.0
008 080529s xx 000 0 eng d
020 _a0333798082 :
_cKES 146.25
040 _aKABU
_cKABU
100 1 _aEllison, Gabriel.
_@0000159464
245 1 4 _aThe Clay animals /
_cGabriel Ellison.
260 _aOxford :
_bMacmillan Education,
_c2000.
300 _a39 p.
908 _a080529
950 _@1
999 _c14403
_d14403